Cliquez sur l'assassin - Statistiques

Statistiques générales
  • Ce quiz a été pris 58 fois
    11 depuis la dernière actualisation
  • Le résultat moyen est 8 sur 18
Statistiques - réponses
Hint Explanation Réponse % Correct
Ça (2017)
80%
Sous l'empire de la haine (Karaté Girl)
80%
No country for old men
80%
Seven
70%
Freddy - Chapitre 1 : Les Griffes de la Nuit (1984)
60%
Heat
60%
Hannibal
60%
Terrifier (2016)
60%
Les Evadés (1994)
50%
Scream 3
50%
Saw 5
30%
Victor Crowley (2017)
30%
Wolf Creek 2 (2013)
30%
Ça (1990)
30%
Halloween, La Nuit des Masques
20%
The Collection (2012)
20%
Urban Legend
0%
Souviens-Toi l'Été dernier
0%
Aucun quiz correspondant
Distribution des résultats
% des personnes avec chaque résultat
Percentile par nombre de réponses
Votre historique - résultats
Vous n’avez pas pris ce quiz depuis la dernière actualisation